Investing in biological diversity <the> Cairns conference

Guardado en:
Detalles Bibliográficos
Formato: Libro
Lenguaje:inglés
Publicado: Paris OECD 1997
Materias:
Etiquetas: Agregar Etiqueta
Sin Etiquetas, Sea el primero en etiquetar este registro!

MARC

LEADER 00000nam a2200000 4500
001 c117840
005 20221124074720.3
020 |a 92-64-15502-3 
041 0 |a eng 
044 |a FR 
245 1 0 |a Investing in biological diversity  |b <the> Cairns conference 
264 1 |a Paris  |b OECD  |c 1997 
300 |a 403 s. 
610 2 0 |a environmentalistika